000 00503nam a2200193 a 4500
001 1770285652733
003 YourLibrary
005 20260205153743.0
008 260205s2003##################000#0#eng##
020 _a9780123497048
082 0 4 _a332.63221
_bHIR
100 1 _aHirschey, Mark,
_eauthor.
245 1 0 _aTech Stock Valuation :
260 _bAcademic Press,
_c2003.
300 _a316 pages
650 0 _aBusiness & Economics.
942 _cENGLISH
040 _aYourLibrary
_beng
_cYourLibrary
999 _c610462
_d610462